01647cam a22003975a 4500999001700000001000900017003000900026005001700035008004100052020002500093035002400118040005500142082001900197100005400216240001700270245008200287250001900369264004600388300003100434336002600465337002800491338002700519500007100546500002300617504005100640600007700691650005800768650005500826651001000881653002600891655002400917700004600941942001200987952012500999952012501124 c22486d2245815580951EG-ScBUE20210508101223.0090109r20081987enk f bd f001 0 eng d a9780199552092 (pbk.) a(OCoLC)ocn231883621 aUKMbengerdacUKMdBWKdOCLCGdCDXdDLCdEG-ScBUE04a821.1bCHA2221 aChaucer, Geoffrey,‏ d-1400‏,eauthor.94139310aWorks.f198714aThe Riverside Chaucer /cgeneral editor, Larry D. Benson, Harvard University. aThird edition. 1aOxford :bOxford University Press,c2008. axliii, 1327 pages ;c21 cm 2rdacontentatextbtxt 2rdamediaaunmediatedbn 2rdacarrieravolumebnc a"Based on The works of Geoffrey Chaucer, edited by F.N. Robinson." aIncludes glossary. aIncludes bibliographical references and index.17aChaucer, Geoffrey, -- -1400xCriticism and interpretation.2BUEsh941393 7aEnglish literatureyMiddle English, 1100-1500.2BUEsh 7aChristian pilgrims and pilgrimagesvPoetry.2BUEsh 2BUEsh bHHUUEENNcOctober2016 vReading book9342321 aBenson, Larry Deand1929-eeditor.941396 2ddccBB 00102ddc40708BaccahaMAINbMAINc2NDd2016-10-10ePurchaseg320.00l0o821.1 CHAp000033913r2025-07-15 00:00:00yBB 00102ddc40708BaccahaMAINbMAINc2NDd2016-10-10ePurchaseg320.00l0o821.1 CHAp000033914r2025-07-15 00:00:00yBB